000 00322nam a2200121Ia 4500
008 240624s9999 xx 000 0 und d
041 _aeng
082 _a338.6440973 LIP
100 _aLIPARTITO KENNETH
245 _aCONSTRUCTING CORPORATE AMERICA
260 _c2009
_aNew Delhi
_bOxford University Press
365 _cBPS
_b29
999 _c27779
_d27779